ՀՀ Գիտությունների ազգային ակադեմիայի հիմնարար գիտական գրադարան  =   Fundamental Scientific Library of NAS RA

Социалистический уклад в экономике Монгольской Народной Республике / (Record no. 489438)

MARC details
000 -LEADER
fixed length control field 00939nam a2200205 a 4500
001 - CONTROL NUMBER
control field 000272279
003 - CONTROL NUMBER IDENTIFIER
control field AM-YeHGA
005 - DATE AND TIME OF LATEST TRANSACTION
control field 20250617162431.0
008 - FIXED-LENGTH DATA ELEMENTS--GENERAL INFORMATION
fixed length control field 031015s1958 ||| |||||||||||||rus d
040 ## - CATALOGING SOURCE
Original cataloging agency AM-YeHGA
041 0# - LANGUAGE CODE
Language code of text/sound track or separate title rus
090 ## - LOCALLY ASSIGNED LC-TYPE CALL NUMBER (OCLC); LOCAL CALL NUMBER (RLIN)
-- 492809
100 1# - MAIN ENTRY--PERSONAL NAME
Personal name Рощин, Сергей Константинович
245 10 - TITLE STATEMENT
Title Социалистический уклад в экономике Монгольской Народной Республике /
Statement of responsibility, etc. С.К. Рощин ; Отв. ред. А.М. Печников ; АН СССР. Ин-т востоковедения.
260 ## - PUBLICATION, DISTRIBUTION, ETC.
Place of publication, distribution, etc. Москва :
Name of publisher, distributor, etc. Изд-во вост. лит.,
Date of publication, distribution, etc. 1958.
300 ## - PHYSICAL DESCRIPTION
Extent 157 с.
650 14 - SUBJECT ADDED ENTRY--TOPICAL TERM
Topical term or geographic name entry element Распределение, сохранение и потребление материальных благ
700 1# - ADDED ENTRY--PERSONAL NAME
Personal name Печников, А.М.
Relator term отв. ред.
Relationship edt
710 0# - ADDED ENTRY--CORPORATE NAME
Corporate name or jurisdiction name as entry element Институт востоковедения АН СССР
Holdings
Withdrawn status Lost status Damaged status Not for loan Collection Home library Current library Date acquired Total checkouts Full call number Barcode Date last seen Price effective from Koha item type Public note
        General Fundamental Scientific Library Fundamental Scientific Library 28/02/2019   РД II/45816 FL0557360 28/02/2019 28/02/2019 Գրքեր / Books 30 Days Loan
        General Fundamental Scientific Library Fundamental Scientific Library 18/10/2019   РД II/64824 FL0603139 18/10/2019 18/10/2019 Գրքեր / Books 30 Days Loan


ՀՀ ԳԱԱ հիմնարար գիտական գրադարան
ՀՀ,Երևան 0019
Մարշալ Բաղրամյան 24/6
հեռախոս:(374-10) 52-47-50
Հետադարձ կապ

All site content, except where otherwise noted, is licensed under a
Creative Commons License